Antología del pensamiento de Juan Bosch / (Registro nro. 13856)

Detalles MARC
000 -LEADER
fixed length control field 01042nam a2200301 a 4500
001 - CONTROL NUMBER
control field
003 - CONTROL NUMBER IDENTIFIER
control field DO-SdBNP
005 - DATE AND TIME OF LATEST TRANSACTION
control field 20211109072343.0
008 - FIXED-LENGTH DATA ELEMENTS--GENERAL INFORMATION
fixed length control field 090716s1999 dr r 001 0 spa d
040 ## - CATALOGING SOURCE
Original cataloging agency DO-SdBNP
Language of cataloging spa
Transcribing agency BPMSU
082 #4 - DEWEY DECIMAL CLASSIFICATION NUMBER
Classification number RD868.4408
Item number B742C, 1999
Edition number 22
100 1# - MAIN ENTRY--PERSONAL NAME
Personal name Castellanos, Justo Pedro,
Dates associated with a name 1961-
245 10 - TITLE STATEMENT
Title Antología del pensamiento de Juan Bosch /
Statement of responsibility, etc. Justo Pedro Castellano; prólogo Pedro Vergés.
250 ## - EDITION STATEMENT
Edition statement 2a. ed.
260 ## - PUBLICATION, DISTRIBUTION, ETC. (IMPRINT)
Place of publication, distribution, etc. Santo Domingo :
Name of publisher, distributor, etc. Banco Central de la República Dominicana,
Date of publication, distribution, etc. 1999
300 ## - PHYSICAL DESCRIPTION
Extent xxxvi,282 p. ;
Dimensions 23 cm.
Other physical details
500 ## - GENERAL NOTE
General note Incluye datos biográficos del autor en la solapa de la contracubierta
500 ## - GENERAL NOTE
General note Incluye referencias bibliográficas y notas al pie de las páginas
504 ## - BIBLIOGRAPHY, ETC. NOTE
Bibliography, etc Bibliografía : p. 279-282
590 ## - LOCAL NOTE (RLIN)
Local note Inventariado, 2021/VM
600 10 - SUBJECT ADDED ENTRY--PERSONAL NAME
Personal name Bosch, Juan,
Dates associated with a name 1909-2001
9 (RLIN) 1
650 #4 - SUBJECT ADDED ENTRY--TOPICAL TERM
Topical term or geographic name as entry element Pensamiento crítico
650 #4 - SUBJECT ADDED ENTRY--TOPICAL TERM
Topical term or geographic name as entry element Ensayos dominicanos
700 1# - ADDED ENTRY--PERSONAL NAME
Personal name Vergés, Pedro,
Relator term pról.
910 ## - USER-OPTION DATA (OCLC)
User-option data VMateo V.
942 ## - ADDED ENTRY ELEMENTS (KOHA)
Source of classification or shelving scheme Dewey Decimal Classification
Koha item type Libros
956 ## - LOCAL ELECTRONIC LOCATION AND ACCESS (OCLC)
Host name VMateo
Existencias
Withdrawn status Lost status Source of classification or shelving scheme Damaged status Not for loan Collection code Home library Current library Date acquired Source of acquisition Full call number Barcode Date last seen Price effective from Koha item type
    Dewey Decimal Classification     Colección Dominicana Biblioteca Pública Metropolitana Salomé Ureña Biblioteca Pública Metropolitana Salomé Ureña 11/09/2021 Fundacón Juan Bosch BPMSU CD RD868.4408 B742C 1999 BPMSU21110063 11/09/2021 11/09/2021 Libros